[Event "Lima Surco op 4th"]
[Site "Lima"]
[Date "2017.10.28"]
[Round "4"]
[White "Vega Pacheco, Harrizon Jhonny"]
[Black "Benavides Conza, Diego Angelo"]
[Result "1-0"]
[WhiteElo "1586"]
[BlackElo "1464"]
[PlyCount "59"]
[EventDate "2017.10.15"]
[EventType "swiss"]
[EventRounds "7"]
[EventCountry "PER"]
[SourceTitle "EXT 2019"]
[Source "ChessBase"]
[SourceDate "2018.10.10"]
[SourceVersion "1"]
[SourceVersionDate "2018.10.10"]
[SourceQuality "1"]

1. d4 Nf6 2. c4 g6 3. Nc3 Bg7 4. e4 d6 5. Nf3 0-0 6. Be2 e5 7. 0-0 Nc6 8. d5 Ne7 9. Ne1 Nd7 10. Bd2 f5 11. f3 f4 12. Nd3 g5 13. Rc1 Ng6 14. b4 Nf6 15. c5 Rf7 16. Nb5 Bf8 17. Rc2 a6 18. Nc3 h5 19. b5 axb5 20. Nxb5 Rg7 21. Qc1 Bd7 22. Qb2 g4 23. cxd6 cxd6 24. Nc7 gxf3 25. Bxf3 Nh4 26. Ne1 Bg4 27. Nxa8 Qxa8 28. Bxf4 Nxf3+ 29. Nxf3 Bxf3 30. Rxf3 1-0

[Event "Lima Surco op 4th"]
[Site "Lima"]
[Date "2017.10.21"]
[Round "3"]
[White "Huarcaya Silloca, Carlos Enrique"]
[Black "Vega Pacheco, Harrizon Jhonny"]
[Result "1-0"]
[WhiteElo "1819"]
[BlackElo "1586"]
[PlyCount "39"]
[EventDate "2017.10.15"]
[EventType "swiss"]
[EventRounds "7"]
[EventCountry "PER"]
[SourceTitle "EXT 2019"]
[Source "ChessBase"]
[SourceDate "2018.10.10"]
[SourceVersion "1"]
[SourceVersionDate "2018.10.10"]
[SourceQuality "1"]

1. e4 c5 2. c3 e6 3. d4 cxd4 4. cxd4 d6 5. Nc3 Nf6 6. f4 a6 7. a4 Be7 8. Nf3 0-0 9. Bd3 Nc6 10. Be3 b6 11. h3 Bb7 12. 0-0 Rc8 13. Rc1 Re8 14. Bb1 Bf8 15. g4 Nd7 16. Qe1 Na5 17. e5 Nc4 18. Bxh7+ Kxh7 19. Ng5+ Kg6 20. Qh4 1-0

[Event "Lima Surco op 2nd"]
[Site "Lima"]
[Date "2017.07.09"]
[Round "4"]
[White "Vega Pacheco, Harrizon Jhonny"]
[Black "Balvin, Jorge"]
[Result "1-0"]
[WhiteElo "1582"]
[BlackElo "1716"]
[PlyCount "50"]
[EventDate "2017.07.08"]
[EventType "swiss"]
[EventRounds "9"]
[EventCountry "PER"]
[SourceTitle "EXT 2018"]
[Source "ChessBase"]
[SourceDate "2017.10.13"]
[SourceVersion "1"]
[SourceVersionDate "2017.10.13"]
[SourceQuality "1"]

1. d4 Nf6 2. c4 c5 3. d5 b5 4. cxb5 a6 5. bxa6 Bxa6 6. Nc3 d6 7. Nf3 g6 8. e4 Nbd7 9. Bxa6 Rxa6 10. 0-0 Bg7 11. Re1 0-0 12. a4 Ng4 13. Ra2 Nge5 14. Nb5 Qb6 15. b3 Nxf3+ 16. Qxf3 e6 17. dxe6 fxe6 18. Qg4 Nf6 19. Qxe6+ Kh8 20. Qc4 Re8 21. Bf4 Qa5 22. b4 cxb4 23. Nc7 b3 24. Rae2 Rb6 25. Nxe8 Nxe8 1-0